000 00327nam a22001337a 4500
008 250217b |||||||| |||| 00| 0 eng d
020 _a01139460888
050 _aHD62.5
_b.C68
100 _aCOWTER, Mary
245 _aEntrepreneurship in Action
260 _aU.S.A
_bCoulter mark K.
_c2001
300 _aXXIV, 353P.
942 _cBK
999 _c1949
_d1949